000 00428nam a22001697a 4500
005 20180313121334.0
008 160530b xxu||||| |||| 00| 0 eng d
020 _a81-203-1223-6
041 _aeng
082 _b6077
_a332.6324
100 _aStaf of New York institute of Finance
_94190
245 _aHow the Bond Market Works
260 _aNew Delhi
_bPHI,
_c1997
300 _a268
650 _aManagement
_9241
942 _cBK
999 _c2171
_d2170